| 000 -LEADER |
| fixed length control field |
00461pab a2200169 454500 |
| 008 - FIXED-LENGTH DATA ELEMENTS--GENERAL INFORMATION |
| fixed length control field |
180718b2006 xxu||||| |||| 00| 0 eng d |
| 100 ## - MAIN ENTRY--PERSONAL NAME |
| Personal name |
Bjorklund, Anders |
| 245 ## - TITLE STATEMENT |
| Title |
The origins of intergenerational associations, lessons from Swedish adoption data |
| 260 ## - PUBLICATION, DISTRIBUTION, ETC. |
| Date of publication, distribution, etc. |
2006 |
| 300 ## - PHYSICAL DESCRIPTION |
| Extent |
p.999-1028. |
| 362 ## - DATES OF PUBLICATION AND/OR SEQUENTIAL DESIGNATION |
| Dates of publication and/or sequential designation |
Aug |
| 650 ## - SUBJECT ADDED ENTRY--TOPICAL TERM |
| Topical term or geographic name entry element |
Adoption |
| 700 ## - ADDED ENTRY--PERSONAL NAME |
| Personal name |
Plug, Erik |
| 700 ## - ADDED ENTRY--PERSONAL NAME |
| Personal name |
Lindahl, Mikael |
| 773 ## - HOST ITEM ENTRY |
| Main entry heading |
Quarterly Journal of Economics |
| 909 ## - |
| -- |
71897 |